[Event "CUB-ch (Women)"]
[Site "Pinar del Rio"]
[Date "2024.02.09"]
[Round "2"]
[White "Gonzalez Estrada, Chrissye Luann"]
[Black "Gonzalez Ochoa, Yoana"]
[Result "1-0"]
[WhiteElo "2002"]
[BlackElo "2067"]
[PlyCount "127"]
[EventDate "2024.02.08"]
[EventType "swiss"]
[EventRounds "10"]
[EventCountry "CUB"]
[SourceTitle "CB08_2024"]
[SourceDate "2024.02.21"]
[SourceVersion "1"]
[SourceVersionDate "2024.02.21"]
[SourceQuality "1"]

1. d4 Nf6 2. Nf3 d5 3. c4 e6 4. Nc3 Bb4 5. Bg5 h6 6. Bxf6 Qxf6 7. e3 0-0 8. Bd3 dxc4 9. Bxc4 c5 10. 0-0 cxd4 11. exd4 Rd8 12. Qb3 Bxc3 13. bxc3 Nc6 14. Rfe1 Na5 15. Qa4 Nxc4 16. Qxc4 b6 17. Qc6 Rb8 18. Qc7 Bb7 19. Ne5 Rdc8 20. Qd6 Qd8 21. Nxf7 Qxd6 22. Nxd6 Rxc3 23. Rxe6 Bd5 24. Re7 a6 25. a4 Rd8 26. Nf5 Bf7 27. Rb7 Rb3 28. h3 b5 29. axb5 Rxb5 30. Rxb5 axb5 31. Rb1 Bc4 32. Rb2 Kf7 33. Rd2 Kf6 34. Ne3 Ke6 35. f4 Rf8 36. f5+ Kd6 37. Kf2 g6 38. g4 gxf5 39. Nxf5+ Kd5 40. Ke3 Re8+ 41. Kf4 Re4+ 42. Kf3 Re1 43. Nxh6 Rf1+ 44. Kg2 Ke4 45. Nf5 Ra1 46. Kf2 b4 47. d5 Ke5 48. d6 Ra8 49. d7 Rd8 50. Ne7 Bb5 51. Rd5+ Ke6 52. Rxb5 Kxe7 53. Rxb4 Rxd7 54. Rb6 Rd3 55. h4 Kf7 56. h5 Kg7 57. Re6 Rh3 58. Re3 Rh1 59. Kg3 Kf6 60. Kf4 Rh2 61. Rb3 Rf2+ 62. Kg3 Ra2 63. Rb6+ Kg5 64. Rg6# 1-0

[Event "Carlos Torre Memorial op 33rd"]
[Site "Merida"]
[Date "2023.12.18"]
[Round "7"]
[White "Silva Martinez Del Canizo, Sebastian"]
[Black "Gonzalez Ochoa, Yoana"]
[Result "0-1"]
[WhiteElo "1849"]
[BlackElo "2085"]
[PlyCount "84"]
[EventDate "2023.12.15"]
[EventType "swiss"]
[EventRounds "9"]
[EventCountry "MEX"]
[SourceTitle "CB52_2023"]
[SourceDate "2023.12.27"]
[SourceVersion "1"]
[SourceVersionDate "2023.12.27"]
[SourceQuality "1"]

1. e4 e5 2. Nf3 Nc6 3. Bb5 a6 4. Ba4 Nf6 5. 0-0 Be7 6. d3 b5 7. Bb3 d6 8. c3 0-0 9. a4 Bd7 10. Bc2 Re8 11. Re1 Bf8 12. Bg5 Rb8 13. axb5 axb5 14. h3 h6 15. Bh4 g5 16. Bg3 Ne7 17. d4 Ng6 18. Nbd2 Qc8 19. h4 g4 20. Nh2 Nh5 21. Ndf1 Nxg3 22. fxg3 h5 23. Ne3 exd4 24. cxd4 Bg7 25. Kh1 Ne7 26. Rf1 c5 27. Nf5 Nxf5 28. exf5 f6 29. Nxg4 hxg4 30. Qxg4 Re7 31. h5 Kh8 32. Ra7 Ra8 33. Rfa1 Rxa7 34. Rxa7 cxd4 35. Be4 d5 36. Bxd5 Qc1+ 37. Kh2 Re1 38. Ra8+ Be8 39. Rxe8+ Rxe8 40. Qg6 Re1 41. Kh3 Rh1+ 42. Kg4 Qg5+ 0-1

[Event "Carlos Torre Memorial op 33rd"]
[Site "Merida"]
[Date "2023.12.17"]
[Round "6"]
[White "Limon Olmos, Ivan Alonso"]
[Black "Gonzalez Ochoa, Yoana"]
[Result "1-0"]
[WhiteElo "2165"]
[BlackElo "2085"]
[PlyCount "87"]
[EventDate "2023.12.15"]
[EventType "swiss"]
[EventRounds "9"]
[EventCountry "MEX"]
[SourceTitle "CB52_2023"]
[SourceDate "2023.12.27"]
[SourceVersion "1"]
[SourceVersionDate "2023.12.27"]
[SourceQuality "1"]

1. d4 Nf6 2. Nf3 d5 3. c4 e6 4. Nc3 Bb4 5. Bg5 h6 6. Bxf6 Qxf6 7. e3 0-0 8. Rc1 c6 9. Bd3 Nd7 10. 0-0 dxc4 11. Ne4 Qe7 12. Rxc4 Ba5 13. Ne5 Rd8 14. f4 Nf8 15. Qh5 Rd5 16. Qe2 Bc7 17. Rc2 f6 18. Nf3 Kh8 19. Ng3 e5 20. fxe5 fxe5 21. Nh4 Kg8 22. Nhf5 Bxf5 23. Nxf5 Qd7 24. Bc4 Kh7 25. Bxd5 Qxd5 26. Qc4 Qxc4 27. Rxc4 exd4 28. exd4 Re8 29. g3 Nd7 30. Rcc1 Bb6 31. Rce1 Rxe1 32. Rxe1 Kg6 33. Nh4+ Kf6 34. Nf3 g5 35. h3 h5 36. g4 hxg4 37. hxg4 Nf8 38. Kf2 Ne6 39. Ke3 Nf4 40. Rh1 c5 41. dxc5 Bxc5+ 42. Ke4 Bd6 43. Rh7 Ne6 44. Kd5 1-0

[Event "Carlos Torre Memorial op 33rd"]
[Site "Merida"]
[Date "2023.12.16"]
[Round "3"]
[White "Gonzalez Ochoa, Yoana"]
[Black "Diaz Rosas, Julio Cesar"]
[Result "0-1"]
[WhiteElo "2085"]
[BlackElo "2366"]
[PlyCount "120"]
[EventDate "2023.12.15"]
[EventType "swiss"]
[EventRounds "9"]
[EventCountry "MEX"]
[SourceTitle "CB52_2023"]
[SourceDate "2023.12.27"]
[SourceVersion "1"]
[SourceVersionDate "2023.12.27"]
[SourceQuality "1"]

1. e4 e5 2. Nf3 Nc6 3. Bc4 Bc5 4. d3 h6 5. c3 Nf6 6. 0-0 d6 7. Re1 Bb6 8. Be3 0-0 9. Nbd2 Ne7 10. a4 c6 11. Bxb6 axb6 12. Nf1 Ng6 13. Bb3 Re8 14. Ng3 Be6 15. Bxe6 Rxe6 16. d4 Qc7 17. Qb3 Ree8 18. Rad1 Ra5 19. dxe5 dxe5 20. Qc4 Nf4 21. Rd2 g6 22. Red1 Raa8 23. h3 Re7 24. Nh2 Kg7 25. Ng4 Nxg4 26. hxg4 Ne6 27. Nf1 Nc5 28. b3 Rd7 29. Rxd7 Nxd7 30. Ne3 Nc5 31. Qb4 Na6 32. Qd6 Qxd6 33. Rxd6 Nc5 34. Nc4 Nxb3 35. Nxb6 Ra6 36. Nc4 Rxa4 37. Nxe5 Rxe4 38. Nd3 Kf8 39. Rd7 Re7 40. Rd8+ Kg7 41. f3 Nc1 42. Nxc1 Re1+ 43. Kf2 Rxc1 44. Rd3 Rc2+ 45. Ke3 Rxg2 46. Rd7 Rb2 47. f4 Rb1 48. Rc7 Kf6 49. g5+ hxg5 50. fxg5+ Ke6 51. Kd4 Rb5 52. c4 Rxg5 53. Rxb7 c5+ 54. Kd3 Rg3+ 55. Kd2 Rf3 56. Rb8 Ke5 57. Rd8 Ke4 58. Rd5 Rf5 59. Rd7 g5 60. Ke2 g4 0-1

[Event "Carlos Torre Memorial op 33rd"]
[Site "Merida"]
[Date "2023.12.15"]
[Round "2"]
[White "Robles Sanchez, Fausto"]
[Black "Gonzalez Ochoa, Yoana"]
[Result "0-1"]
[WhiteElo "1708"]
[BlackElo "2085"]
[PlyCount "100"]
[EventDate "2023.12.15"]
[EventType "swiss"]
[EventRounds "9"]
[EventCountry "MEX"]
[SourceTitle "CB52_2023"]
[SourceDate "2023.12.27"]
[SourceVersion "1"]
[SourceVersionDate "2023.12.27"]
[SourceQuality "1"]

1. e4 e5 2. Nc3 Nf6 3. g3 Bc5 4. Bg2 0-0 5. Nge2 Re8 6. 0-0 Nc6 7. d3 a6 8. h3 d6 9. Kh2 Ba7 10. f4 exf4 11. Nxf4 Nd4 12. Nh5 Nxh5 13. Qxh5 Be6 14. Qd1 c6 15. Ne2 Nxe2 16. Qxe2 f6 17. Qh5 Bf7 18. Qg4 h5 19. Qf4 d5 20. Bd2 Bb8 21. Qf2 h4 22. Bf4 Ba7 23. Be3 hxg3+ 24. Qxg3 Bxe3 25. Qxe3 dxe4 26. Bxe4 Bg6 27. Rg1 Qd6+ 28. Kh1 Bxe4+ 29. dxe4 Qe5 30. Qb3+ Qe6 31. Qxe6+ Rxe6 32. Rg4 Rae8 33. Rf1 Rxe4 34. Rg2 Re2 35. Rff2 Rxf2 36. Rxf2 Re3 37. Kg2 Kf7 38. Rd2 Ke6 39. c3 g5 40. c4 f5 41. b3 f4 42. Rd8 Kf5 43. Rd7 Ke4 44. Re7+ Kd3 45. Rd7+ Ke2 46. Rf7 Rg3+ 47. Kh2 Kf2 48. h4 Rg2+ 49. Kh1 Kg3 50. hxg5 Rxa2 0-1

[Event "Iberoamerican-ch 9th"]
[Site "Panama City"]
[Date "2023.11.28"]
[Round "5"]
[White "Barria, Blas"]
[Black "Gonzalez Ochoa, Yoana"]
[Result "0-1"]
[WhiteElo "1780"]
[BlackElo "2085"]
[PlyCount "46"]
[EventDate "2023.11.25"]
[EventType "swiss"]
[EventRounds "9"]
[EventCountry "PAN"]
[SourceTitle "CB49_2023"]
[SourceDate "2023.12.06"]
[SourceVersion "1"]
[SourceVersionDate "2023.12.06"]
[SourceQuality "1"]

1. c4 e5 2. Nc3 Nf6 3. g3 c6 4. d4 e4 5. Bg2 d5 6. a3 Be7 7. e3 0-0 8. Nge2 Nbd7 9. 0-0 Nb6 10. c5 Nbd7 11. b4 Re8 12. Bd2 Nf8 13. Kh1 Bd7 14. Qc2 Qc8 15. Ng1 Ng6 16. Nce2 h5 17. Nf4 Nxf4 18. exf4 Bf5 19. Be3 g6 20. a4 Kg7 21. b5 Rh8 22. h4 Ng4 23. Rfe1 Qd8 0-1

[Event "CUB-ch (Women)"]
[Site "Camaguey"]
[Date "2023.02.15"]
[Round "6"]
[White "Gonzalez Ochoa, Yoana"]
[Black "Forgas Moreno, Yaniela"]
[Result "0-1"]
[WhiteElo "2104"]
[BlackElo "2304"]
[PlyCount "165"]
[EventDate "2023.02.09"]
[EventType "tourn"]
[EventRounds "11"]
[EventCountry "CUB"]
[SourceTitle "CBM 213 Extra"]
[Source "ChessBase"]
[SourceDate "2023.05.31"]
[SourceVersion "1"]
[SourceVersionDate "2023.05.31"]
[SourceQuality "1"]

1. e4 c5 2. Nf3 d6 3. d4 cxd4 4. Nxd4 Nf6 5. Nc3 a6 6. h3 e6 7. g4 h6 8. Bg2 Be7 9. Be3 g5 10. Qe2 Nbd7 11. 0-0-0 Qc7 12. h4 Rg8 13. hxg5 hxg5 14. Kb1 Ne5 15. Bxg5 Rxg5 16. f4 Rxg4 17. fxe5 dxe5 18. Rh8+ Rg8 19. Rxg8+ Nxg8 20. Nb3 Bd7 21. Qh5 Bf6 22. Qh7 Ke7 23. Bf3 Bg5 24. Bh5 Rf8 25. Bxf7 Rxf7 26. Qxg8 Bf6 27. Nc5 Bc8 28. Qg1 Kf8 29. Nd3 Rg7 30. Qh2 Rg6 31. Rf1 Kg7 32. Rh1 Kg8 33. a3 b6 34. Qh5 Qg7 35. Na4 Rg1+ 36. Ka2 Rxh1 37. Qxh1 Bd8 38. Qh2 Bd7 39. Nc3 Bf6 40. Qf2 Bd8 41. a4 a5 42. b3 Bc6 43. Qh2 Bc7 44. Qh4 Kf8 45. Nb5 Bxb5 46. axb5 Ke8 47. Nb2 Qg2 48. c4 Bd6 49. Qh8+ Kd7 50. Qh7+ Kc8 51. Qh8+ Kb7 52. Qh7+ Bc7 53. Qh4 Qc2 54. Qg4 Ka7 55. Qf3 Kb8 56. Qd3 Qg2 57. Ka3 Qg1 58. Ka2 Qg2 59. Ka3 Kc8 60. Na4 Qg1 61. Kb2 Qf2+ 62. Kc3 Kb7 63. Nb2 Qc5 64. Qd7 Qe3+ 65. Qd3 Qc1+ 66. Qc2 Qe1+ 67. Kd3 Bd8 68. Qd2 Qb1+ 69. Qc2 Qg1 70. Qe2 Bg5 71. Nd1 Qd4+ 72. Kc2 Qa1 73. Nb2 Qc1+ 74. Kd3 Kc7 75. Qf2 Qb1+ 76. Qc2 Qg1 77. Qe2 Kd6 78. Nd1 Qd4+ 79. Kc2 Qa1 80. Nb2 Qc1+ 81. Kd3 Kc5 82. Nd1 a4 83. b4+ 0-1

[Event "CUB-ch (Women)"]
[Site "Camaguey"]
[Date "2023.02.09"]
[Round "1"]
[White "Gonzalez Ochoa, Yoana"]
[Black "Arribas Robaina, Maritza"]
[Result "1/2-1/2"]
[WhiteElo "2104"]
[BlackElo "2225"]
[PlyCount "29"]
[EventDate "2023.02.09"]
[EventType "tourn"]
[EventRounds "11"]
[EventCountry "CUB"]
[SourceTitle "CBM 213 Extra"]
[Source "ChessBase"]
[SourceDate "2023.05.31"]
[SourceVersion "1"]
[SourceVersionDate "2023.05.31"]
[SourceQuality "1"]

1. e4 e5 2. Nf3 Nc6 3. Bc4 Be7 4. d3 Nf6 5. Nc3 d6 6. a4 0-0 7. h3 Be6 8. Bxe6 fxe6 9. 0-0 Qe8 10. d4 Qg6 11. dxe5 dxe5 12. Nh4 Qf7 13. Nf3 Qg6 14. Nh4 Qf7 15. Nf3 1/2-1/2

[Event "Guillermo Garcia Memorial op"]
[Site "Santa Clara"]
[Date "2022.05.03"]
[Round "4"]
[White "Rodriguez Basulto, Reyson Ricardo"]
[Black "Gonzalez Ochoa, Yoana"]
[Result "0-1"]
[WhiteElo "2305"]
[BlackElo "2122"]
[PlyCount "110"]
[EventDate "2022.04.30"]
[EventType "swiss"]
[EventRounds "9"]
[EventCountry "CUB"]
[SourceTitle "CBM 208 Extra"]
[Source "ChessBase"]
[SourceDate "2022.07.31"]
[SourceVersion "1"]
[SourceVersionDate "2022.07.31"]
[SourceQuality "1"]

1. e4 e5 2. Nf3 Nc6 3. Bc4 Bc5 4. c3 Nf6 5. d3 d6 6. 0-0 a6 7. Bb3 Ba7 8. Nbd2 0-0 9. h3 h6 10. Re1 Re8 11. Nf1 Be6 12. Ng3 d5 13. Qe2 Qd7 14. Be3 Bxe3 15. Qxe3 Rad8 16. Rad1 d4 17. Qc1 Bxb3 18. axb3 Qe6 19. b4 Rd7 20. Qd2 Red8 21. c4 Qd6 22. Nf5 Qe6 23. g4 Nh7 24. h4 Ne7 25. Nxe7+ Rxe7 26. Nh2 Qf6 27. h5 Ng5 28. Kg2 Ne6 29. Nf3 Nf4+ 30. Kg3 g6 31. Nxe5 Nxh5+ 32. gxh5 Qxe5+ 33. f4 Qg7 34. Rh1 f5 35. e5 g5 36. Rdg1 Kh7 37. Kf2 g4 38. Kg3 Re6 39. Ra1 Qd7 40. Ra5 Rb6 41. Rd5 Qe7 42. Rxd8 Qxd8 43. Re1 Qe8 44. Rh1 Qc6 45. Rf1 Qe8 46. c5 Rb5 47. Rh1 Qc6 48. Rf1 a5 49. Qe2 Qe6 50. Ra1 axb4 51. Ra8 Rxc5 52. Rf8 b3 53. Qg2 Rxe5 54. fxe5 Qxe5+ 55. Kh4 Qe1+ 0-1

[Event "Guillermo Garcia Memorial op"]
[Site "Santa Clara"]
[Date "2022.05.02"]
[Round "3"]
[White "Gallo Garcia, Kemel Antonio"]
[Black "Gonzalez Ochoa, Yoana"]
[Result "1-0"]
[WhiteElo "2379"]
[BlackElo "2122"]
[PlyCount "89"]
[EventDate "2022.04.30"]
[EventType "swiss"]
[EventRounds "9"]
[EventCountry "CUB"]
[SourceTitle "CBM 208 Extra"]
[Source "ChessBase"]
[SourceDate "2022.07.31"]
[SourceVersion "1"]
[SourceVersionDate "2022.07.31"]
[SourceQuality "1"]

1. g3 d5 2. Nf3 Bg4 3. Bg2 Nd7 4. d4 c6 5. 0-0 e6 6. c4 Ngf6 7. Qb3 Qb6 8. Nc3 Be7 9. Bf4 0-0 10. c5 Qa6 11. Rfc1 b6 12. cxb6 axb6 13. a4 Rfc8 14. h3 Bf5 15. Nh4 Be4 16. Bf1 h6 17. Nxe4 Nxe4 18. Nf3 Qa5 19. Qd1 c5 20. Nd2 Ndf6 21. Bg2 Nxd2 22. Bxd2 Qa7 23. dxc5 bxc5 24. a5 c4 25. b3 cxb3 26. Qxb3 Bc5 27. Be1 Rab8 28. Qa2 Rb5 29. Rab1 Rcb8 30. Rxb5 Rxb5 31. e3 Rb8 32. Rb1 Nd7 33. Rxb8+ Nxb8 34. Qb3 Nc6 35. Qb5 Ne5 36. Kh2 Nc4 37. Bf1 Nd6 38. Qc6 h5 39. Bd3 h4 40. gxh4 g6 41. Kg2 Kf8 42. a6 Ne4 43. Bxe4 dxe4 44. Bc3 Bxe3 45. Bf6 1-0

[Event "Carlos Torre Memorial op 31st"]
[Site "Merida"]
[Date "2019.12.13"]
[Round "1"]
[White "Santiago, Yago de Moura"]
[Black "Gonzalez Ochoa, Yoana"]
[Result "1-0"]
[WhiteElo "2479"]
[BlackElo "2200"]
[PlyCount "101"]
[EventDate "2019.12.13"]
[EventType "swiss"]
[EventRounds "9"]
[EventCountry "MEX"]
[SourceTitle "CBM 193 Extra"]
[Source "ChessBase"]
[SourceDate "2020.01.31"]
[SourceVersion "1"]
[SourceVersionDate "2020.01.31"]
[SourceQuality "1"]

1. d4 d5 2. c4 c6 3. Nf3 Nf6 4. Qc2 g6 5. Bf4 Bg7 6. e3 0-0 7. Bd3 dxc4 8. Bxc4 Bf5 9. Qb3 b5 10. Be2 Qa5+ 11. Nc3 Be6 12. Qd1 b4 13. Na4 b3+ 14. Nc3 bxa2 15. 0-0 h6 16. Nxa2 Bxa2 17. Bc4 Qb4 18. Bxa2 Nd5 19. Qc2 Nxf4 20. exf4 e6 21. h4 h5 22. Bb1 Qd6 23. Ra5 Qxf4 24. Rxh5 Rd8 25. Ra5 Rd5 26. Rxd5 exd5 27. h5 gxh5 28. Re1 Nd7 29. Qxc6 Nb6 30. Qc2 Rc8 31. Qd1 Nc4 32. g3 Qg4 33. Qd3 Nxb2 34. Qh7+ Kf8 35. Ne5 Bxe5 36. Rxe5 Qg7 37. Qf5 Qg4 38. Qh7 Qg7 39. Qxh5 Rc1+ 40. Kg2 Rxb1 41. Qf5 Qg6 42. Qc8+ Kg7 43. Qd8 a5 44. Rg5 a4 45. Rxg6+ fxg6 46. Qc7+ Kf6 47. Qe5+ Kf7 48. Qxd5+ Kg7 49. Qe5+ Kh7 50. Qc7+ Kh6 51. Qc2 1-0

[Event "Guillermo Garcia Memorial op 28th"]
[Site "Santa Clara"]
[Date "2019.04.27"]
[Round "5"]
[White "Mendoza Salazar, Ramon Lev"]
[Black "Gonzalez Ochoa, Yoana"]
[Result "1/2-1/2"]
[WhiteElo "2016"]
[BlackElo "2178"]
[PlyCount "129"]
[EventDate "2019.04.23"]
[EventType "swiss"]
[EventRounds "9"]
[EventCountry "CUB"]
[SourceTitle "EXT 2020"]
[Source "ChessBase"]
[SourceDate "2019.10.17"]
[SourceVersion "1"]
[SourceVersionDate "2019.10.17"]
[SourceQuality "1"]

1. d4 d5 2. Nf3 Nf6 3. Bf4 c5 4. e3 Nc6 5. c3 e6 6. Bd3 Bd6 7. Bg3 0-0 8. 0-0 Re8 9. Nbd2 Bxg3 10. hxg3 e5 11. dxe5 Nxe5 12. Be2 Neg4 13. Nh2 Nxh2 14. Kxh2 Bf5 15. Bf3 Qb6 16. Qb3 Rad8 17. Qxb6 axb6 18. Rfd1 Bc2 19. Rdc1 Ba4 20. Bd1 Bc6 21. Nf3 Ne4 22. Kg1 g5 23. Bc2 h6 24. Rd1 Kg7 25. Nd2 Nd6 26. Bb3 b5 27. Nf1 Ne4 28. f3 Nf6 29. a3 g4 30. Kf2 h5 31. Rd2 Re7 32. e4 c4 33. Bc2 Rde8 34. Ne3 Re5 35. Nf5+ Kf8 36. f4 R5e6 37. e5 Ne4+ 38. Bxe4 dxe4 39. Ke3 f6 40. Nd4 R6e7 41. exf6 Rh7 42. Nf5 Re6 43. Rd8+ Kf7 44. Nd4 Rxf6 45. Nxc6 bxc6 46. Rd7+ Kg6 47. Rxh7 Kxh7 48. Rd1 Re6 49. f5 Re5 50. Rd6 Rxf5 51. Rxc6 Rf1 52. Rc5 Re1+ 53. Kf2 Rc1 54. Rxh5+ Kg6 55. Rxb5 Rc2+ 56. Ke3 Rxg2 57. Kxe4 Rxg3 58. a4 Rg1 59. a5 Rf1 60. a6 Ra1 61. Kf4 Rxa6 62. Kxg4 Rd6 63. Kf3 Kf6 64. Ke3 Rd3+ 65. Ke2 1/2-1/2

[Event "Guillermo Garcia Memorial op 28th"]
[Site "Santa Clara"]
[Date "2019.04.25"]
[Round "3"]
[White "Rodriguez, Octavio"]
[Black "Gonzalez Ochoa, Yoana"]
[Result "0-1"]
[WhiteElo "1932"]
[BlackElo "2178"]
[PlyCount "76"]
[EventDate "2019.04.23"]
[EventType "swiss"]
[EventRounds "9"]
[EventCountry "CUB"]
[SourceTitle "EXT 2020"]
[Source "ChessBase"]
[SourceDate "2019.10.17"]
[SourceVersion "1"]
[SourceVersionDate "2019.10.17"]
[SourceQuality "1"]

1. b4 d5 2. Bb2 Bf5 3. e3 e6 4. Nf3 Nf6 5. a3 Be7 6. Be2 h6 7. d3 0-0 8. Nbd2 c5 9. bxc5 Bxc5 10. 0-0 Nc6 11. c4 Bh7 12. d4 Bd6 13. c5 Bc7 14. Qb3 Rb8 15. Ne5 Nxe5 16. dxe5 Nd7 17. Rfc1 Bxe5 18. Bxe5 Nxe5 19. Nf3 Nxf3+ 20. Bxf3 Qe7 21. Qa4 b6 22. c6 Rfc8 23. Be2 Rc7 24. Rc3 Be4 25. Rac1 Qg5 26. f3 Bg6 27. Ba6 Qe5 28. Qb4 Rd8 29. Rd1 f6 30. Bb7 Be8 31. f4 Qd6 32. Rdc1 Kh7 33. Qd4 e5 34. fxe5 fxe5 35. Qd3+ Bg6 36. Qa6 d4 37. exd4 Qxd4+ 38. Kh1 Qxc3 0-1

[Event "Holguin (Women)"]
[Site "Holguin"]
[Date "2019.02.09"]
[Round "11"]
[White "Gonzalez Ochoa, Yoana"]
[Black "Fernandez Bustamante, Leancy B"]
[Result "1-0"]
[WhiteElo "2150"]
[BlackElo "2119"]
[PlyCount "87"]
[EventDate "2019.01.29"]
[EventType "tourn"]
[EventRounds "11"]
[EventCountry "CUB"]
[SourceTitle "CBM 189 Extra"]
[Source "ChessBase"]
[SourceDate "2019.06.03"]
[SourceVersion "1"]
[SourceVersionDate "2019.06.03"]
[SourceQuality "1"]

1. e4 c5 2. Nf3 d6 3. d4 cxd4 4. Nxd4 Nf6 5. Nc3 a6 6. h3 g6 7. g4 Bg7 8. Bg2 0-0 9. Be3 Nc6 10. Nb3 h5 11. g5 Nd7 12. f4 Nb6 13. Qe2 Qc7 14. 0-0 Be6 15. f5 Bc4 16. Qf2 Nd7 17. Rfd1 Bxc3 18. bxc3 Nce5 19. Nd2 b5 20. Bd4 Rac8 21. Nf1 Bxf1 22. Bxf1 Qc6 23. Re1 Nc5 24. Bg2 Na4 25. Re3 Qb7 26. Qg3 Qb8 27. f6 e6 28. Bxe5 dxe5 29. Bf1 Qb6 30. Kh1 Rc5 31. Be2 Rfc8 32. c4 Qd8 33. Rg1 Qf8 34. Rd1 Nb2 35. Rd7 Nxc4 36. Red3 Nb2 37. Rd2 Rc3 38. Qxe5 Qa3 39. Rd8+ Kh7 40. R8d7 R3c7 41. Qxe6 Rxd7 42. Rxd7 Kh8 43. Rxf7 Qc3 44. Rh7+ 1-0

[Event "Holguin (Women)"]
[Site "Holguin"]
[Date "2019.02.01"]
[Round "4"]
[White "Gonzalez Ochoa, Yoana"]
[Black "Obregon Garcia, Roxangel"]
[Result "1/2-1/2"]
[WhiteElo "2150"]
[BlackElo "2127"]
[PlyCount "95"]
[EventDate "2019.01.29"]
[EventType "tourn"]
[EventRounds "11"]
[EventCountry "CUB"]
[SourceTitle "CBM 189 Extra"]
[Source "ChessBase"]
[SourceDate "2019.06.03"]
[SourceVersion "1"]
[SourceVersionDate "2019.06.03"]
[SourceQuality "1"]

1. e4 c5 2. Nf3 Nc6 3. d4 cxd4 4. Nxd4 Qb6 5. Nb3 Nf6 6. Nc3 e6 7. Be3 Qc7 8. a3 a6 9. Bd3 b5 10. f4 d6 11. Qf3 Bb7 12. g4 Rc8 13. g5 Nd7 14. 0-0 b4 15. axb4 Nxb4 16. Qh3 Nc5 17. Nxc5 dxc5 18. b3 Nxd3 19. cxd3 Be7 20. g6 fxg6 21. Qxe6 Qd7 22. Qxd7+ Kxd7 23. Na4 Ke6 24. Rac1 Rhd8 25. Rfd1 Bc6 26. Nxc5+ Bxc5 27. Rxc5 Bb5 28. Rxc8 Rxc8 29. d4 Rc3 30. d5+ Kd7 31. Kf2 Rxb3 32. e5 a5 33. Bc5 Bc4 34. e6+ Ke8 35. Rd4 Rb2+ 36. Ke3 Bb3 37. h4 Rc2 38. Bd6 Rc3+ 39. Kd2 Rc8 40. Rd3 a4 41. Bb4 Rc4 42. Bd6 Rc8 43. Be5 Rc5 44. d6 Bxe6 45. Bxg7 Kd7 46. Be5 Rd5 47. Rxd5 Bxd5 48. Kc3 1/2-1/2

[Event "Holguin (Women)"]
[Site "Holguin"]
[Date "2019.01.31"]
[Round "3"]
[White "Bosch Valls, Leannet Mariah"]
[Black "Gonzalez Ochoa, Yoana"]
[Result "0-1"]
[WhiteElo "2088"]
[BlackElo "2150"]
[PlyCount "62"]
[EventDate "2019.01.29"]
[EventType "tourn"]
[EventRounds "11"]
[EventCountry "CUB"]
[SourceTitle "CBM 189 Extra"]
[Source "ChessBase"]
[SourceDate "2019.06.03"]
[SourceVersion "1"]
[SourceVersionDate "2019.06.03"]
[SourceQuality "1"]

1. e4 e5 2. Nf3 Nc6 3. Bb5 a6 4. Bxc6 dxc6 5. 0-0 f6 6. d4 exd4 7. Nxd4 c5 8. Nb3 Qxd1 9. Rxd1 Bg4 10. f3 Bd7 11. Bf4 0-0-0 12. Nc3 c4 13. Na5 Bc5+ 14. Kh1 b5 15. Nd5 Ne7 16. Bxc7 Nxd5 17. Bxd8 Ne3 18. Nb7 Nxd1 19. Rxd1 Bb4 20. a3 Bxa3 21. bxa3 Kxb7 22. Rxd7+ Kc8 23. Rc7+ Kxd8 24. Rxg7 Kc8 25. Ra7 Rd8 26. Ra8+ Kc7 27. Rxd8 Kxd8 28. Kg1 a5 29. c3 b4 30. cxb4 axb4 31. axb4 c3 0-1

[Event "Holguin (Women)"]
[Site "Holguin"]
[Date "2019.01.30"]
[Round "2"]
[White "Gonzalez Ochoa, Yoana"]
[Black "Miranda Llanes, Yerisbel"]
[Result "0-1"]
[WhiteElo "2150"]
[BlackElo "2271"]
[PlyCount "46"]
[EventDate "2019.01.29"]
[EventType "tourn"]
[EventRounds "11"]
[EventCountry "CUB"]
[SourceTitle "CBM 189 Extra"]
[Source "ChessBase"]
[SourceDate "2019.06.03"]
[SourceVersion "1"]
[SourceVersionDate "2019.06.03"]
[SourceQuality "1"]

1. e4 e5 2. Nf3 Nc6 3. Bb5 a6 4. Ba4 Nf6 5. d3 b5 6. Bb3 Be7 7. Nc3 Bb7 8. 0-0 0-0 9. Nd5 Na5 10. Nxe7+ Qxe7 11. Bg5 Nxb3 12. axb3 h6 13. Bd2 Nh7 14. g4 d5 15. Qe2 dxe4 16. dxe4 Nf6 17. g5 Nxe4 18. h4 Qd7 19. Kh2 Nxd2 20. Nxd2 hxg5 21. hxg5 Rad8 22. Rad1 Qf5 23. Qe3 Rd4 0-1

[Event "Holguin (Women)"]
[Site "Holguin"]
[Date "2019.01.29"]
[Round "1"]
[White "Ramon Pita, Vivian"]
[Black "Gonzalez Ochoa, Yoana"]
[Result "0-1"]
[WhiteElo "2165"]
[BlackElo "2150"]
[PlyCount "130"]
[EventDate "2019.01.29"]
[EventType "tourn"]
[EventRounds "11"]
[EventCountry "CUB"]
[SourceTitle "CBM 189 Extra"]
[Source "ChessBase"]
[SourceDate "2019.06.03"]
[SourceVersion "1"]
[SourceVersionDate "2019.06.03"]
[SourceQuality "1"]

1. Nf3 d5 2. b3 Nf6 3. Bb2 g6 4. Bxf6 exf6 5. e3 Bd6 6. c4 dxc4 7. bxc4 0-0 8. Nc3 c6 9. Be2 Re8 10. 0-0 Nd7 11. d4 f5 12. g3 Nf6 13. Qc2 Ne4 14. Bd3 Qe7 15. Ne2 b6 16. a4 Bb7 17. Nf4 Rac8 18. Rfb1 Ba8 19. Bf1 c5 20. d5 g5 21. Ng2 Qf6 22. Ra3 Bc7 23. Nd2 Re7 24. Nxe4 fxe4 25. Qd1 Qg6 26. Be2 Rf8 27. f3 f5 28. f4 h6 29. Rb2 Rg7 30. Rd2 Qd6 31. Bf1 Bb7 32. Ra1 Bc8 33. Rf2 Bd7 34. Raa2 Rb8 35. Be2 Bd8 36. Qe1 g4 37. Bd1 a6 38. Rfb2 Bf6 39. Rb1 Kh7 40. Be2 Bc8 41. Ra3 Rgb7 42. Qd1 Bd7 43. Qd2 Bg7 44. Qa2 Bf6 45. Kf2 Be8 46. Nh4 Bd7 47. Ng2 Kg6 48. Rh1 b5 49. axb5 axb5 50. Ra6 Qe7 51. Nh4+ Kg7 52. h3 bxc4 53. hxg4 Rb2 54. Qa5 fxg4 55. Ra7 R8b7 56. Rxb7 Rxb7 57. Qa6 Rb2 58. Rh2 c3 59. Qc4 Kh7 60. d6 Qe6 61. Qxc5 Qa2 62. Kf1 Qb1+ 63. Kf2 Qd3 64. Ke1 Qd2+ 65. Kf1 Rb1+ 0-1

[Event "American Continental (Women) 11th"]
[Site "Envigado"]
[Date "2018.11.23"]
[Round "8"]
[White "Aliaga Fernandez, Ingrid Yadira"]
[Black "Gonzalez Ochoa, Yoana"]
[Result "1-0"]
[WhiteElo "2194"]
[BlackElo "2058"]
[PlyCount "89"]
[EventDate "2018.11.17"]
[EventType "swiss"]
[EventRounds "9"]
[EventCountry "COL"]
[SourceTitle "CBM 187 Extra"]
[Source "ChessBase"]
[SourceDate "2018.11.04"]
[SourceVersion "1"]
[SourceVersionDate "2018.11.04"]
[SourceQuality "1"]

1. e4 e5 2. Nf3 Nc6 3. d4 exd4 4. Nxd4 Nf6 5. Nxc6 bxc6 6. e5 Qe7 7. Qe2 Nd5 8. c4 Nb6 9. b3 a5 10. Ba3 Qe6 11. Qe3 Bb4+ 12. Bxb4 axb4 13. Bd3 0-0 14. 0-0 d5 15. Nd2 h6 16. f4 Re8 17. c5 Nd7 18. Nf3 Qe7 19. Rfc1 Ra5 20. Nd4 Bb7 21. Qg3 Kh8 22. Bf5 Nxc5 23. Qh3 Ne6 24. Nxe6 fxe6 25. Bc2 Rg8 26. Qh5 Qe8 27. Bg6 Qf8 28. Rf1 Bc8 29. g4 Bd7 30. f5 exf5 31. gxf5 Be8 32. Rae1 Rxa2 33. Kh1 Bxg6 34. Qxg6 Qe8 35. Qg4 Qe7 36. Re3 c5 37. Qf4 Ra6 38. f6 Qf7 39. Rh3 Kh7 40. Rg1 Re6 41. Rxg7+ Qxg7 42. fxg7 Rxg7 43. Qf5+ Reg6 44. Rg3 c4 45. e6 1-0